000 00685nam a2200253Ia 4500
003 OSt
005 20220926012259.0
006 a|||||r|||| 00| 0
007 ta
008 220923b |||||||| |||| 00| 0 eng d
020 _a0521603811
037 _cGeneral Book
040 _aRTL
_cRTL
_beng
041 _2eng
_aeng
082 _aY5, P5
100 _aWright Erick Olin Ed.
_9315990
245 0 _aApproches to class analysis
260 _aNew York
_bCambridge University Press
_c2005
300 _ax, 212p
_ccm.
500 _aBibliography: P193-206
650 _aSociology
942 _hY5, P5
_cGB
_2CC
999 _c622336
_d622336